| 000 | 00411nam a2200145Ia 4500 | ||
|---|---|---|---|
| 008 | 210210b1992 xxu||||| |||| 00| 0 eng d | ||
| 082 | _a330.0954 PANG | ||
| 100 | _aPANDITRAO (Yashwant A). | ||
| 245 | _aGandhian approach to economic development. | ||
| 260 |
_aBombay _bHiamalaya Publishing House _c1992 |
||
| 300 | _a212 | ||
| 650 | _aGandhi Economics Gandhian | ||
| 690 | _aEconomic History | ||
| 906 | _a050958 | ||
| 999 |
_c99662 _d99662 |
||